Normal view
MARC view
- Verne, Jules,
Entry Personal Name
001 - CONTROL NUMBER
- control field: 86042
003 - CONTROL NUMBER IDENTIFIER
- control field: OSt
005 - DATE AND TIME OF LATEST TRANSACTION
- control field: 20250210155332.0
008 - FIXED-LENGTH DATA ELEMENTS
- fixed length control field: 250210|| aca||aabn | a|a d
040 ## - CATALOGING SOURCE
- Original cataloging agency: OSt
- Transcribing agency: OSt
100 ## - HEADING--PERSONAL NAME
- Personal name: Verne, Jules,
- Dates associated with a name: 1828-1905.
- Title of a work: Voyage au centre de la Terre
670 ## - SOURCE DATA FOUND
- Source citation: Work cat.: (OSt)48412: Olmstead, Kathleen. author. 18962, Journey to the center of the earth /, 2011.